000
00282nam a22001337a 4500
008
180119b xxu||||| |||| 00| 0 eng d
020
_a
0920269346
041
_a
eng
080
_a
611
100
_a
7
101
_a
ANA
245
_a
The Human Body
_c
Pinchot, R.B
942
_2
udc
_c
BK
999
_c
40603
_d
40603